Statistics for 国家一级学科有哪些?

Click here to take the quiz!

General Stats

  • This quiz has been taken 176 times
  • The average score is 28 of 58

Answer Stats

学科代码学科% Correct
140物理学
93%
150化学
93%
180生物学
92%
110数学
90%
770历史学
82%
790经济学
82%
170地球科学
81%
810政治学
79%
740语言学
78%
520计算机科学技术
77%
820法学
75%
510电子通信与自动控制技术
73%
560土木建筑工程
73%
210农学
72%
630管理学
70%
750文学
66%
890体育科学
64%
720哲学
64%
460机械工程
63%
760艺术学
61%
430材料科学
61%
320临床医学
59%
880教育学
59%
610环境科学技术
56%
160天文学
52%
710马克思主义
52%
350药学
49%
590航空航天科学技术
49%
860新闻学与传播学
44%
530化学工程
44%
120信息科学与系统科学
44%
780考古学
41%
220林学
41%
840社会学
39%
830军事学
39%
130力学
37%
550食品科学技术
37%
470动力与电力工程
35%
580交通运输工程
34%
230畜牧兽医科学
34%
490核科学技术
32%
480能源科学技术
31%
910统计学
30%
570水利工程
30%
310基础医学
27%
540纺织科学技术
24%
870图书馆情报与文献学
23%
360中医学与中药学
21%
440矿山工程技术
20%
620安全科学技术
18%
850民族学
17%
240水产学
16%
450冶金工程技术
15%
330预防医学与卫生学
13%
420测绘科学技术
13%
410工程与技术科学基础学科
10%
730宗教学
10%
340军事医学与特种医学
4%

Score Distribution

Percentile by Number Answered

Percent of People with Each Score

Your Score History

You have not taken this quiz